Music Quiz

Random Music or Album Quiz
Score 0/22 Timer 04:00
10 Plays Today
Firsts Band % Correct
Saturday/Stayin'/MauriceBee Gees
87.4%
Love/Detroit/GeneKiss
80.4%
Super/Dancing/BjornABBA
74.6%
L.A./Riders/JimThe Doors
73.5%
Definitely/Champagne/NoelOasis
71.7%
English/Go/StevieFleetwood Mac
62.2%
Women/Runnin'/EddieVan Halen
55.4%
Toys/Dream/JoeAerosmith
49.1%
Sweet/Would/AnnieEurythmics
43.9%
Siamese/Bullet/BillySmashing Pumpkins
43.3%
Make/Buddy/RiversWeezer
41.8%
Firsts Band % Correct
Freedom/Whip/MarkDevo
30.9%
Shake/My/RicThe Cars
30.1%
Breakfast/Bloody/RickSupertramp
24.7%
In/What's/Natalie10,000 Maniacs
21.8%
Ritual/Been/PerryJane's Addiction
21.6%
Louder/Black/ChrisSoundgarden
20.5%
Pretzel/Hey/DonaldSteely Dan
19.7%
Surfer/Levitate/BlackPixies
17.7%
Daydream/Teen/ThurstonSonic Youth
16.7%
Not/Takin'/RandyBachman-Turner Overdrive
15.3%
Yankee/Outta/JeffWilco
14%

You're not logged in!

Compare scores with friends on all Sporcle quizzes.
OR
Log In

Sporcle TV

Today on Sporcle TV


Watch our educational content, quiz creation guides, and fun videos on Sporcle TV.

Show Comments

Extras

Top Quizzes Today


Score Distribution

Paid Content

Your Account Isn't Verified!

In order to create a playlist on Sporcle, you need to verify the email address you used during registration. Go to your Sporcle Settings to finish the process.

Report this User

Report this user for behavior that violates our Community Guidelines.

Details: